Днища конические и плоские. Основные размеры; ГОСТ 12619-78 Днища конические отбортованные с углами при вершине 60 и 90. Основные размеры; ГОСТ 12620-78 Днища конические отбортованные с углами при вершине 60, 90 и 120. Основные размеры; ГОСТ 12621-78 Днища конические отбортованные с углами при вершине 140. Основные размеры; ГОСТ 12622-78 Днища плоские отбортованные. Основные размеры; ГОСТ 12623-78 Днища плоские неотбортованные. Основные размеры
| Autor Corporativo: | |
|---|---|
| Lenguaje: | ruso |
| Publicado: |
Москва, Изд-во стандартов, 1985
|
| Edición: | Изд. офиц. |
| TOC: | ГОСТ 12619-78 Днища конические отбортованные с углами при вершине 60 и 90. Основные размеры; ГОСТ 12620-78 Днища конические отбортованные с углами при вершине 60, 90 и 120. Основные размеры; ГОСТ 12621-78 Днища конические отбортованные с углами при вершине 140. Основные размеры; ГОСТ 12622-78 Днища плоские отбортованные. Основные размеры; ГОСТ 12623-78 Днища плоские неотбортованные. Основные размеры; |
| Colección: | Государственные стандарты |
| Materias: | |
| Formato: | Libro |
| KOHA link: | https://koha.lib.tpu.ru/cgi-bin/koha/opac-detail.pl?biblionumber=153507 |
MARC
| LEADER | 00000nam0a2200000 4500 | ||
|---|---|---|---|
| 001 | 153507 | ||
| 005 | 20231031151427.0 | ||
| 035 | |a (RuTPU)RU\TPU\book\166536 | ||
| 035 | |a RU\TPU\book\166534 | ||
| 090 | |a 153507 | ||
| 100 | |a 20090213d1985 km y0rusy50 ca | ||
| 101 | 0 | |a rus | |
| 102 | |a RU | ||
| 105 | |a a l 000zy | ||
| 200 | 1 | |a Днища конические и плоские. Основные размеры | |
| 205 | |a Изд. офиц. | ||
| 210 | |a Москва |c Изд-во стандартов |d 1985 | ||
| 215 | |a 47 с. |c ил. | ||
| 225 | 1 | |a Государственные стандарты | |
| 464 | |t ГОСТ 12619-78 Днища конические отбортованные с углами при вершине 60 и 90. Основные размеры | ||
| 464 | |t ГОСТ 12620-78 Днища конические отбортованные с углами при вершине 60, 90 и 120. Основные размеры | ||
| 464 | |t ГОСТ 12621-78 Днища конические отбортованные с углами при вершине 140. Основные размеры | ||
| 464 | |t ГОСТ 12622-78 Днища плоские отбортованные. Основные размеры | ||
| 464 | |t ГОСТ 12623-78 Днища плоские неотбортованные. Основные размеры | ||
| 610 | 1 | |a ГОСТы | |
| 610 | 1 | |a стандарты | |
| 610 | 1 | |a днища | |
| 610 | 1 | |a размеры | |
| 712 | 0 | 1 | |a СССР |b Государственный комитет по стандартам (Госстандарт) |c (1978-1989) |2 stltpush |3 (RuTPU)RU\TPU\col\12454 |
| 801 | 2 | |a RU |b 63413507 |c 20221208 |g PSBO | |
| 942 | |c BK | ||